[Event "Madrid 2022-2023 ch - Previa A"]
[Site "Madrid ESP"]
[Date "2023.02.21"]
[Round "8.11"]
[White "Cujba, Anca-Claudia"]
[Black "Garcia Martin, Esteban"]
[Result "0-1"]
[WhiteElo "1669"]
[BlackElo "1819"]
[PlyCount "78"]
[EventDate "2023.02.06"]
[EventType "swiss"]
[EventRounds "9"]
[EventCountry "ESP"]
[SourceTitle "Ajedrez en Madrid"]
[Source "lmi"]
[SourceDate "2023.02.06"]
[SourceVersion "1"]
[SourceVersionDate "2023.03.03"]
[SourceQuality "1"]

1. d4 Nf6 2. c4 e5 3. e3 exd4 4. exd4 d5 5. Nc3 Nc6 6. Be3 Be7 7. h3 O-O 8. Nf3
Bf5 9. Be2 Nb4 10. O-O Nc2 11. Rc1 Nxe3 12. fxe3 c6 13. Ne5 Be4 14. Nxe4 Nxe4
15. Bd3 Bg5 16. Rf3 f6 17. Ng4 Qe7 18. Bxe4 dxe4 19. Rf5 g6 20. Ra5 h5 21. h4
Bxh4 22. Rxh5 gxh5 23. Nh6+ Kh8 24. Nf5 Qh7 25. Nxh4 Rg8 26. Qf1 Raf8 27. d5
Rg4 28. Nf5 Rg5 29. Nh4 cxd5 30. cxd5 Rxd5 31. Qf4 Rd7 32. Rc4 Re7 33. Nf5 Re5
34. Ng3 Re7 35. Nxe4 Qg6 36. Ng3 Rg7 37. Qh4 Qxg3 38. Qxh5+ Rh7 39. Qf5 Qe1+
0-1

[Event "Madrid 2022-2023 ch - Previa A"]
[Site "Madrid ESP"]
[Date "2023.02.21"]
[Round "8.12"]
[White "Pashov, Spas Nikolov"]
[Black "Balsera Gomez, Antonio"]
[Result "1-0"]
[WhiteElo "1806"]
[BlackElo "1663"]
[PlyCount "133"]
[EventDate "2023.02.06"]
[EventType "swiss"]
[EventRounds "9"]
[EventCountry "ESP"]
[SourceTitle "Ajedrez en Madrid"]
[Source "lmi"]
[SourceDate "2023.02.06"]
[SourceVersion "1"]
[SourceVersionDate "2023.03.03"]
[SourceQuality "1"]

1. e4 e5 2. Nf3 Nc6 3. Bc4 Nf6 4. Ng5 d5 5. exd5 Na5 6. Bb5+ c6 7. dxc6 bxc6 8.
Qf3 h6 9. Ne4 Nd5 10. Ba4 Bd7 11. O-O Be7 12. a3 Nb6 13. Nbc3 Nxa4 14. Nxa4 O-O
15. Nac5 f5 16. Nxd7 Qxd7 17. Ng3 Nb7 18. d3 Nc5 19. b4 e4 20. dxe4 fxe4 21.
Qd1 Qxd1 22. Rxd1 Bf6 23. Rb1 Na4 24. Nxe4 Be5 25. Rb3 Rfe8 26. f3 Rab8 27. Be3
a6 28. Nc5 Nb2 29. Re1 Nc4 30. Nd7 Nxe3 31. Rbxe3 Bd4 32. Nxb8 Rxb8 33. Kf1
Bxe3 34. Rxe3 Rb5 35. Re6 a5 36. c4 Rb7 37. bxa5 Ra7 38. Re5 Kf7 39. Ke2 Kf6
40. f4 g5 41. g3 gxf4 42. gxf4 Rb7 43. a6 Rb2+ 44. Kf3 Rb3+ 45. Re3 Rb6 46. Kg4
Rxa6 47. c5 Ra5 48. Rc3 Kg6 49. f5+ Kf6 50. Kh5 Ra4 51. h3 Ra5 52. Kxh6 Ra4 53.
Kh5 Rf4 54. h4 Kxf5 55. Rg3 Ra4 56. Rg5+ Ke6 57. Rg3 Rc4 58. Kg5 Rxc5+ 59. Kg6
Ra5 60. h5 Ra8 61. Re3+ Kd5 62. h6 Rg8+ 63. Kf7 Rg1 64. Rh3 Rf1+ 65. Ke7 Re1+
66. Kd7 Rf1 67. h7 1-0

[Event "Madrid 2022-2023 ch - Previa A"]
[Site "Madrid ESP"]
[Date "2023.02.21"]
[Round "8.13"]
[White "Melero Fernandez, Jose M"]
[Black "Arevillca Colque, Jonatan"]
[Result "0-1"]
[WhiteElo "1334"]
[BlackElo "1765"]
[PlyCount "64"]
[EventDate "2023.02.06"]
[EventType "swiss"]
[EventRounds "9"]
[EventCountry "ESP"]
[SourceTitle "Ajedrez en Madrid"]
[Source "lmi"]
[SourceDate "2023.02.06"]
[SourceVersion "1"]
[SourceVersionDate "2023.03.03"]
[SourceQuality "1"]

1. e4 e5 2. Nf3 Nc6 3. d4 exd4 4. Nxd4 Bc5 5. Be3 Qf6 6. c3 Nge7 7. Bc4 d6 8.
Nd2 Nxd4 9. cxd4 Bxd4 10. Bxd4 Qxd4 11. b3 Bg4 12. Qc1 Ng6 13. O-O O-O 14. Re1
Nf4 15. Nf1 Qe5 16. Qe3 Rfe8 17. Qg3 Be6 18. Ne3 Bxc4 19. Nxc4 Ne2+ 20. Kh1
Nxg3+ 21. hxg3 Qh5+ 22. Kg1 Re6 23. f3 Qc5+ 24. Ne3 d5 25. Rac1 Qb6 26. Kf1
dxe4 27. Nc4 Qa6 28. fxe4 Rf6+ 29. Kg1 Qxa2 30. Rf1 b5 31. Ne5 Qxb3 32. Rxc7
Qe3+ 0-1

[Event "Madrid 2022-2023 ch - Previa A"]
[Site "Madrid ESP"]
[Date "2023.02.21"]
[Round "8.14"]
[White "Villodre Miranda, Juan Alonso"]
[Black "Jimenez Gonzalez, Marcos"]
[Result "0-1"]
[WhiteElo "1503"]
[BlackElo "1748"]
[PlyCount "60"]
[EventDate "2023.02.06"]
[EventType "swiss"]
[EventRounds "9"]
[EventCountry "ESP"]
[SourceTitle "Ajedrez en Madrid"]
[Source "lmi"]
[SourceDate "2023.02.06"]
[SourceVersion "1"]
[SourceVersionDate "2023.03.03"]
[SourceQuality "1"]

1. c4 e5 2. Nc3 d6 3. e4 f5 4. d3 Nf6 5. h3 Be7 6. Bg5 O-O 7. Nd5 Nxd5 8. Bxe7
Nxe7 9. Qb3 Be6 10. Qxb7 Nd7 11. exf5 Bxf5 12. O-O-O Nc5 13. Qb4 Nc6 14. Qc3
Nd4 15. Ne2 Nce6 16. g4 Bg6 17. Nxd4 Nxd4 18. Qd2 Rb8 19. Bg2 Qf6 20. Rdf1 Qf4
21. Qxf4 Ne2+ 22. Kc2 Nxf4 23. Be4 Bxe4 24. dxe4 Ne6 25. b3 Rf3 26. h4 a5 27.
Rh2 a4 28. bxa4 Rb4 29. Rb1 Nd4+ 30. Kc1 Rc3+ 0-1

[Event "Madrid 2022-2023 ch - Previa A"]
[Site "Madrid ESP"]
[Date "2023.02.21"]
[Round "8.15"]
[White "Garcia Gonzalez, Pedro A."]
[Black "Martin-Consuegra Barrilero, Francisco Javier"]
[Result "1/2-1/2"]
[WhiteElo "1725"]
[BlackElo "1665"]
[PlyCount "79"]
[EventDate "2023.02.06"]
[EventType "swiss"]
[EventRounds "9"]
[EventCountry "ESP"]
[SourceTitle "Ajedrez en Madrid"]
[Source "lmi"]
[SourceDate "2023.02.06"]
[SourceVersion "1"]
[SourceVersionDate "2023.03.03"]
[SourceQuality "1"]

1. d4 d6 2. Nf3 Nf6 3. Nbd2 Nbd7 4. e4 e5 5. c3 Be7 6. Bd3 O-O 7. O-O c6 8. Re1
Qc7 9. a4 a5 10. h3 b6 11. Nc4 Re8 12. dxe5 dxe5 13. Qc2 Ba6 14. Be3 Bc5 15.
Nfd2 Bxe3 16. Nxe3 Bxd3 17. Qxd3 Nc5 18. Qc2 g6 19. f3 Rad8 20. Red1 Nd3 21.
Ndc4 Nf4 22. Kh2 h5 23. b4 Ne6 24. Rab1 Rxd1 25. Rxd1 axb4 26. cxb4 Nd4 27. Qb2
b5 28. axb5 cxb5 29. Na5 Rc8 30. Nb3 Qc3 31. Qxc3 Rxc3 32. Nxd4 exd4 33. Nd5
Nxd5 34. exd5 Rc4 35. d6 Kf8 36. Re1 Rc8 37. Rd1 Ke8 38. Rxd4 Kd7 39. Rd5 Rb8
40. Kg3 1/2-1/2

[Event "Madrid 2022-2023 ch - Previa A"]
[Site "Madrid ESP"]
[Date "2023.02.21"]
[Round "8.16"]
[White "Guach Rodriguez, Marco Antonio"]
[Black "Mejias Gonzalez, Pedro"]
[Result "1-0"]
[WhiteElo "1701"]
[BlackElo "1489"]
[PlyCount "51"]
[EventDate "2023.02.06"]
[EventType "swiss"]
[EventRounds "9"]
[EventCountry "ESP"]
[SourceTitle "Ajedrez en Madrid"]
[Source "lmi"]
[SourceDate "2023.02.06"]
[SourceVersion "1"]
[SourceVersionDate "2023.03.03"]
[SourceQuality "1"]

1. e4 d5 2. exd5 Nf6 3. d4 Qxd5 4. c4 Qe4+ 5. Ne2 Nc6 6. Nbc3 Qg4 7. Be3 Bd7 8.
Qb3 Na5 9. Qb4 b6 10. h3 Qf5 11. Ng3 Qe6 12. O-O-O Qc6 13. d5 Qb7 14. c5 e6 15.
dxe6 fxe6 16. Nge4 Rb8 17. Nxf6+ gxf6 18. Qd4 Kf7 19. Qxd7+ Be7 20. c6 Nxc6 21.
Ba6 Qxa6 22. Qxc6 Qa5 23. Rd7 Rhd8 24. Rhd1 Qa6 25. Qxc7 Re8 26. Rxe7+ 1-0

[Event "Madrid 2022-2023 ch - Previa A"]
[Site "Madrid ESP"]
[Date "2023.02.21"]
[Round "8.17"]
[White "De Vicente Guijarro, Juan"]
[Black "Martin-Buitrago Lopez, Antonio"]
[Result "1/2-1/2"]
[WhiteElo "1803"]
[BlackElo "1705"]
[PlyCount "86"]
[EventDate "2023.02.06"]
[EventType "swiss"]
[EventRounds "9"]
[EventCountry "ESP"]
[SourceTitle "Ajedrez en Madrid"]
[Source "lmi"]
[SourceDate "2023.02.06"]
[SourceVersion "1"]
[SourceVersionDate "2023.03.03"]
[SourceQuality "1"]

1. e4 c5 2. Nf3 Nc6 3. d4 cxd4 4. Nxd4 e5 5. Nb5 d6 6. N1c3 a6 7. Na3 Be7 8.
Nd5 Nf6 9. Nxf6+ Bxf6 10. Be2 O-O 11. O-O Be6 12. c4 Rc8 13. Be3 Bg5 14. Nc2
Bxe3 15. Nxe3 Nd4 16. b3 g6 17. Qd2 f5 18. f3 Qb6 19. Kh1 fxe4 20. fxe4 Rxf1+
21. Rxf1 Rf8 22. Rxf8+ Kxf8 23. Bg4 Bf7 24. Bf3 Qc5 25. Ng4 h5 26. Qh6+ Ke7 27.
Qg5+ Kf8 28. Qd8+ Be8 29. Nh6 Kg7 30. Qxe8 Kxh6 31. h4 Kg7 32. Qe7+ Kh6 33.
Qf8+ Kh7 34. Qf7+ Kh6 35. g4 Nxf3 36. Qf8+ Kh7 37. Qxf3 hxg4 38. Qxg4 Qf2 39.
h5 Qf1+ 40. Kh2 Qf2+ 41. Kh3 Qf1+ 42. Kh4 Qf6+ 43. Kh3 Qf1+ 1/2-1/2

[Event "Madrid 2022-2023 ch - Previa A"]
[Site "Madrid ESP"]
[Date "2023.02.21"]
[Round "8.18"]
[White "De Luna Butz, Alberto"]
[Black "Fernandez Rios, Jose Francisco"]
[Result "1/2-1/2"]
[WhiteElo "1665"]
[BlackElo "1680"]
[PlyCount "38"]
[EventDate "2023.02.06"]
[EventType "swiss"]
[EventRounds "9"]
[EventCountry "ESP"]
[SourceTitle "Ajedrez en Madrid"]
[Source "lmi"]
[SourceDate "2023.02.06"]
[SourceVersion "1"]
[SourceVersionDate "2023.03.03"]
[SourceQuality "1"]

1. Nf3 c5 2. c4 g6 3. Nc3 Bg7 4. e3 Nf6 5. Be2 O-O 6. O-O d5 7. d4 cxd4 8. Nxd4
Nc6 9. cxd5 Nxd5 10. Nxc6 bxc6 11. Bd2 Nxc3 12. Bxc3 Bxc3 13. bxc3 Bf5 14. Qd4
Qb6 15. Qc4 Rfd8 16. Rfd1 Be6 17. Qb4 c5 18. Qxb6 Rxd1+ 19. Bxd1 axb6 1/2-1/2

[Event "Madrid 2022-2023 ch - Previa A"]
[Site "Madrid ESP"]
[Date "2023.02.21"]
[Round "8.19"]
[White "Becerra Baigorri, Jose"]
[Black "Martin Romero, David"]
[Result "0-1"]
[WhiteElo "1539"]
[BlackElo "1765"]
[PlyCount "56"]
[EventDate "2023.02.06"]
[EventType "swiss"]
[EventRounds "9"]
[EventCountry "ESP"]
[SourceTitle "Ajedrez en Madrid"]
[Source "lmi"]
[SourceDate "2023.02.06"]
[SourceVersion "1"]
[SourceVersionDate "2023.03.03"]
[SourceQuality "1"]

1. e4 e5 2. Nf3 Nf6 3. Nxe5 d6 4. Nf3 Nxe4 5. d4 d5 6. Bd3 Bd6 7. c4 c6 8. cxd5
cxd5 9. O-O O-O 10. Nc3 Nxc3 11. bxc3 Bg4 12. h3 Bh5 13. g4 Bg6 14. Bxg6 hxg6
15. Re1 Nd7 16. a4 Nb6 17. Ne5 Bxe5 18. dxe5 Re8 19. f4 Nc4 20. Kg2 Qd7 21. Re4
Qc6 22. Rd4 Rac8 23. Kg3 Nxe5 24. Bd2 Nc4 25. Rd3 Nb2 26. Qc2 Nxd3 27. Qxd3 Qc4
28. Qxc4 Rxc4 0-1

[Event "Madrid 2022-2023 ch - Previa A"]
[Site "Madrid ESP"]
[Date "2023.02.21"]
[Round "8.20"]
[White "Martinez Miura, Enrique"]
[Black "Carrera Cabaneros, Francisco"]
[Result "1/2-1/2"]
[WhiteElo "1494"]
[BlackElo "1757"]
[PlyCount "68"]
[EventDate "2023.02.06"]
[EventType "swiss"]
[EventRounds "9"]
[EventCountry "ESP"]
[SourceTitle "Ajedrez en Madrid"]
[Source "lmi"]
[SourceDate "2023.02.06"]
[SourceVersion "1"]
[SourceVersionDate "2023.03.03"]
[SourceQuality "1"]

1. e4 e6 2. d4 d5 3. exd5 exd5 4. Bd3 Nf6 5. Nf3 Be7 6. O-O O-O 7. Re1 Bg4 8.
h3 Bh5 9. Bf4 c6 10. Nbd2 Nbd7 11. c3 Re8 12. Qc2 Bg6 13. Bxg6 hxg6 14. Re2 Nf8
15. Rae1 Ne6 16. Bh2 Bd6 17. Bxd6 Qxd6 18. g3 Re7 19. Ng5 Rae8 20. Nxe6 Rxe6
21. Qd3 Qd7 22. Kg2 R8e7 23. Rxe6 Rxe6 24. Rxe6 Qxe6 25. Qe3 Ne4 26. f3 Nxd2
27. Qxd2 Kf8 28. h4 Ke7 29. g4 f5 30. gxf5 gxf5 31. Qg5+ Qf6 32. Qe3+ Qe6 33.
Qg5+ Qf6 34. Qe3+ Qe6 1/2-1/2

[Event "Madrid 2022-2023 ch - Previa A"]
[Site "Madrid ESP"]
[Date "2023.02.21"]
[Round "8.21"]
[White "Guardiola Sevilla, Antonio"]
[Black "Menendez Domens, Juan Manuel"]
[Result "1-0"]
[WhiteElo "1716"]
[BlackElo "1440"]
[PlyCount "75"]
[EventDate "2023.02.06"]
[EventType "swiss"]
[EventRounds "9"]
[EventCountry "ESP"]
[SourceTitle "Ajedrez en Madrid"]
[Source "lmi"]
[SourceDate "2023.02.06"]
[SourceVersion "1"]
[SourceVersionDate "2023.03.03"]
[SourceQuality "1"]

1. e4 e5 2. Nf3 Nc6 3. Bb5 Nf6 4. d3 a6 5. Bxc6 dxc6 6. Nxe5 Bc5 7. O-O Qd6 8.
Nf3 Bg4 9. Nbd2 Bd4 10. Qe1 b5 11. e5 Bxe5 12. Qxe5+ Kd7 13. Qxd6+ cxd6 14. Ng5
Raf8 15. Nge4 Nd5 16. h3 Be6 17. a3 h6 18. Nf3 f5 19. Ng3 f4 20. Ne4 g5 21. Nd4
Bg8 22. b4 Bh7 23. f3 Rhg8 24. Bd2 h5 25. Kf2 g4 26. hxg4 hxg4 27. Rh1 Rf7 28.
Rh4 gxf3 29. Nxf3 Rfg7 30. Neg5 Bf5 31. Bxf4 c5 32. bxc5 dxc5 33. g3 Rf8 34.
Re1 b4 35. axb4 Nxb4 36. Re5 Bxd3 37. Rxc5 Bb5 38. Rc7+ 1-0

[Event "Madrid 2022-2023 ch - Previa A"]
[Site "Madrid ESP"]
[Date "2023.02.21"]
[Round "8.22"]
[White "Rubio Rivera, Felix"]
[Black "Camarero Izquierdo, Juan Carlos"]
[Result "1-0"]
[WhiteElo "1476"]
[BlackElo "1651"]
[PlyCount "69"]
[EventDate "2023.02.06"]
[EventType "swiss"]
[EventRounds "9"]
[EventCountry "ESP"]
[SourceTitle "Ajedrez en Madrid"]
[Source "lmi"]
[SourceDate "2023.02.06"]
[SourceVersion "1"]
[SourceVersionDate "2023.03.03"]
[SourceQuality "1"]

1. d4 d5 2. c4 e6 3. Nf3 c6 4. g3 f5 5. Bg2 Nd7 6. cxd5 exd5 7. O-O Ngf6 8. Bh3
Ng4 9. Qd3 Ndf6 10. Nh4 g6 11. f3 Nh6 12. Bg5 Bg7 13. Qe3+ Kf7 14. Bxh6 Re8 15.
Qd2 Bxh6 16. Qxh6 Rxe2 17. Qc1 Qb6 18. Qc3 Rxb2 19. Nd2 Rb4 20. Nb3 f4 21. Bxc8
Rxc8 22. Rfe1 Rc4 23. Qd2 fxg3 24. hxg3 Nh5 25. Qe3 Qc7 26. Qe6+ Kf8 27. Re5
Ng7 28. Qg4 Re8 29. Rxe8+ Nxe8 30. Re1 Nf6 31. Qg5 Qf7 32. Nc5 Kg7 33. Nf5+ Kh8
34. Qxf6+ Kg8 35. Nh6+ 1-0

[Event "Madrid 2022-2023 ch - Previa A"]
[Site "Madrid ESP"]
[Date "2023.02.21"]
[Round "8.25"]
[White "Ramos Antona, Enrique"]
[Black "Metola Arias, Mario"]
[Result "0-1"]
[WhiteElo "1565"]
[BlackElo "1498"]
[PlyCount "92"]
[EventDate "2023.02.06"]
[EventType "swiss"]
[EventRounds "9"]
[EventCountry "ESP"]
[SourceTitle "Ajedrez en Madrid"]
[Source "lmi"]
[SourceDate "2023.02.06"]
[SourceVersion "1"]
[SourceVersionDate "2023.03.03"]
[SourceQuality "1"]

1. d4 Nf6 2. c4 g6 3. g3 Bg7 4. Bg2 d5 5. Nf3 Nc6 6. Nc3 e6 7. b3 dxc4 8. bxc4
O-O 9. Bb2 a5 10. O-O Bd7 11. e3 Rb8 12. Rc1 Qe7 13. Re1 Qb4 14. Qb3 Qxb3 15.
axb3 Nb4 16. Red1 Bc6 17. Ba3 Ra8 18. Bxb4 axb4 19. Nb5 Rfc8 20. Ra1 Bxb5 21.
cxb5 Nd5 22. Bf1 c6 23. bxc6 bxc6 24. Bc4 Nc3 25. Rxa8 Rxa8 26. Rd2 Nb1 27. Rc2
Na3 28. Ra2 Rc8 29. Ne5 c5 30. Nd3 Nxc4 31. bxc4 b3 32. Rb2 cxd4 33. exd4 Bxd4
34. Rxb3 Rxc4 35. Kg2 Rc2 36. h4 e5 37. Kf3 f5 38. Kg2 e4 39. Nf4 Rxf2+ 40. Kh3
e3 41. Rb8+ Kf7 42. Rb7+ Ke8 43. Nd3 e2 44. Rb1 Rf1 45. Re1 Rxe1 46. Nxe1 Bf2
0-1

[Event "Madrid 2022-2023 ch - Previa A"]
[Site "Madrid ESP"]
[Date "2023.02.21"]
[Round "8.26"]
[White "San Segundo Ortiz, Fernando"]
[Black "Gomez Ramirez, Jorge"]
[Result "1/2-1/2"]
[WhiteElo "1735"]
[BlackElo "1298"]
[PlyCount "122"]
[EventDate "2023.02.06"]
[EventType "swiss"]
[EventRounds "9"]
[EventCountry "ESP"]
[SourceTitle "Ajedrez en Madrid"]
[Source "lmi"]
[SourceDate "2023.02.06"]
[SourceVersion "1"]
[SourceVersionDate "2023.03.03"]
[SourceQuality "1"]

1. d4 Nf6 2. Bf4 e6 3. e3 d5 4. Bd3 Bd6 5. Bg3 O-O 6. Nf3 c5 7. c3 Qc7 8. Nbd2
Nbd7 9. e4 cxd4 10. cxd4 dxe4 11. Nxe4 Nxe4 12. Bxe4 Nf6 13. Bxd6 Qxd6 14. Bd3
b6 15. O-O Bb7 16. Be2 Ng4 17. h3 Bxf3 18. hxg4 Bxe2 19. Qxe2 Rfd8 20. Rfd1 Qb4
21. a3 Qd6 22. Rd3 Rd7 23. Rad1 Rad8 24. Qf3 Qd5 25. Qe3 Qb5 26. Rb3 Qa4 27.
Rbd3 Rd5 28. R1d2 Qd7 29. f4 h6 30. g3 Rc8 31. Rc3 Rxc3 32. bxc3 Qa4 33. Rd3
Qxa3 34. c4 Qa1+ 35. Kf2 Qa2+ 36. Kf3 Qxc4 37. Qd2 Qc6 38. Ke3 Qd6 39. Rc3 Ra5
40. Qc2 Ra3 41. Ke2 Rxc3 42. Qxc3 Qd7 43. Ke3 b5 44. Qa5 f6 45. Qb4 Kf7 46. Qa5
g5 47. Qa2 Ke7 48. Qa3+ Kf7 49. Qa2 Kg7 50. Qa6 gxf4+ 51. gxf4 Kg6 52. Qa3 Kf7
53. Qd3 Kg7 54. Qa3 h5 55. gxh5 Kh6 56. Qa1 Qb7 57. Qa3 Kxh5 58. Qf8 f5 59.
Qe8+ Kg4 60. Qg6+ Kh4 61. Kf2 Qe7 1/2-1/2

[Event "Madrid 2022-2023 ch - Previa A"]
[Site "Madrid ESP"]
[Date "2023.02.21"]
[Round "8.27"]
[White "Casal Martin, Jose Manuel"]
[Black "Barahona Torrijos, Angel"]
[Result "0-1"]
[WhiteElo "1430"]
[BlackElo "1761"]
[PlyCount "66"]
[EventDate "2023.02.06"]
[EventType "swiss"]
[EventRounds "9"]
[EventCountry "ESP"]
[SourceTitle "Ajedrez en Madrid"]
[Source "lmi"]
[SourceDate "2023.02.06"]
[SourceVersion "1"]
[SourceVersionDate "2023.03.03"]
[SourceQuality "1"]

1. e4 e5 2. Nf3 Nc6 3. Bb5 a6 4. Ba4 Nf6 5. d3 Bc5 6. c3 O-O 7. Bg5 h6 8. Bh4
g5 9. Bg3 d6 10. Nbd2 Bg4 11. h3 Be6 12. Bc2 Nh5 13. Nxe5 Nxg3 14. Nxc6 Bxf2+
15. Kxf2 Nxh1+ 16. Qxh1 bxc6 17. Ke2 f5 18. Nf3 fxe4 19. dxe4 Bc4+ 20. Kd2 Qf6
21. Qg1 Qf4+ 22. Qe3 Rae8 23. Qxf4 Rxf4 24. b3 Be6 25. Ke3 Ref8 26. Bd3 c5 27.
Bxa6 Bxh3 28. Nxg5 hxg5 29. gxh3 Rf3+ 30. Ke2 Rf2+ 31. Ke1 Rh2 32. Bc4+ Kg7 33.
Be6 Rh1+ 0-1

[Event "Madrid 2022-2023 ch - Previa A"]
[Site "Madrid ESP"]
[Date "2023.02.21"]
[Round "8.28"]
[White "Moreno Sabroso, Ruben"]
[Black "Rioyo Bailin, Lucas"]
[Result "0-1"]
[WhiteElo "1455"]
[BlackElo "1432"]
[PlyCount "92"]
[EventDate "2023.02.06"]
[EventType "swiss"]
[EventRounds "9"]
[EventCountry "ESP"]
[SourceTitle "Ajedrez en Madrid"]
[Source "lmi"]
[SourceDate "2023.02.06"]
[SourceVersion "1"]
[SourceVersionDate "2023.03.03"]
[SourceQuality "1"]

1. e4 e6 2. d3 d5 3. Nd2 Nc6 4. Ngf3 Bc5 5. c3 e5 6. g3 Nf6 7. Bg2 dxe4 8. dxe4
O-O 9. O-O Bg4 10. h3 Bh5 11. Qc2 Qe7 12. Nc4 h6 13. b4 Bd6 14. a4 a6 15. Nh4
b5 16. Nxd6 cxd6 17. Be3 Rac8 18. Qd2 Bg6 19. Nxg6 fxg6 20. Rfd1 Rfd8 21. Qd3
Qb7 22. Bf1 Nb8 23. f3 d5 24. exd5 Rxd5 25. Qxg6 Rxd1 26. Rxd1 Rf8 27. Bg2 Kh8
28. f4 Qc7 29. Bc5 Re8 30. Re1 Nbd7 31. fxe5 Nxe5 32. Qb1 bxa4 33. Rd1 Nc4 34.
Qc2 Qxg3 35. Bf2 Qg5 36. Qd3 Nb2 37. h4 Qg4 38. Qf3 Nxd1 39. Qc6 Nxf2 40. Kxf2
Qxh4+ 41. Kg1 Re1+ 42. Bf1 Qg3+ 43. Qg2 Qxg2+ 44. Kxg2 a3 45. Kf2 Re4 46. Bd3
a2 0-1

[Event "Madrid 2022-2023 ch - Previa A"]
[Site "Madrid ESP"]
[Date "2023.02.21"]
[Round "8.29"]
[White "Hortelano Hap, Ramon"]
[Black "Calle Trueba, Jose Antonio"]
[Result "1/2-1/2"]
[WhiteElo "1544"]
[BlackElo "1335"]
[PlyCount "30"]
[EventDate "2023.02.06"]
[EventType "swiss"]
[EventRounds "9"]
[EventCountry "ESP"]
[SourceTitle "Ajedrez en Madrid"]
[Source "lmi"]
[SourceDate "2023.02.06"]
[SourceVersion "1"]
[SourceVersionDate "2023.03.03"]
[SourceQuality "1"]

1. c4 e5 2. g3 Nc6 3. Bg2 f5 4. d3 Nf6 5. Nc3 Bb4 6. Bd2 O-O 7. Nf3 d6 8. O-O
Qe8 9. a3 Bxc3 10. Bxc3 Qh5 11. e3 f4 12. Nh4 fxg3 13. fxg3 Bg4 14. Bf3 Bxf3
15. Qxf3 Qxf3 1/2-1/2

[Event "Madrid 2022-2023 ch - Previa A"]
[Site "Madrid ESP"]
[Date "2023.02.21"]
[Round "8.30"]
[White "Lopez Del Moral Lopez de, Rafael"]
[Black "Gomez Prieto, Alonso"]
[Result "1-0"]
[WhiteElo "1480"]
[BlackElo "1308"]
[PlyCount "33"]
[EventDate "2023.02.06"]
[EventType "swiss"]
[EventRounds "9"]
[EventCountry "ESP"]
[SourceTitle "Ajedrez en Madrid"]
[Source "lmi"]
[SourceDate "2023.02.06"]
[SourceVersion "1"]
[SourceVersionDate "2023.03.03"]
[SourceQuality "1"]

1. d4 Nf6 2. Nf3 e6 3. e3 b6 4. Bd3 Bb7 5. Nbd2 c5 6. O-O Be7 7. Re1 Nc6 8. c3
O-O 9. e4 cxd4 10. Nxd4 Bc5 11. e5 Nd5 12. N2f3 Nxd4 13. cxd4 Bb4 14. Bxh7+
Kxh7 15. Ng5+ Kg8 16. Qh5 Re8 17. Qxf7+ 1-0

[Event "Madrid 2022-2023 ch - Previa A"]
[Site "Madrid ESP"]
[Date "2023.02.21"]
[Round "8.31"]
[White "De la Villa Ramos, Maria"]
[Black "Reina Cascos, Antonio"]
[Result "1-0"]
[WhiteElo "1421"]
[BlackElo "1179"]
[PlyCount "59"]
[EventDate "2023.02.06"]
[EventType "swiss"]
[EventRounds "9"]
[EventCountry "ESP"]
[SourceTitle "Ajedrez en Madrid"]
[Source "lmi"]
[SourceDate "2023.02.06"]
[SourceVersion "1"]
[SourceVersionDate "2023.03.03"]
[SourceQuality "1"]

1. e4 e6 2. d4 d5 3. Nc3 dxe4 4. Nxe4 Bd7 5. Nf3 Bc6 6. Bd3 Nd7 7. O-O Ngf6 8.
Re1 Nxe4 9. Bxe4 Bxe4 10. Rxe4 c6 11. b3 Be7 12. c4 Nf6 13. Re1 O-O 14. a3 Re8
15. c5 b6 16. b4 Nd5 17. Ne5 Qc7 18. Qf3 Nf6 19. Nxc6 Qd7 20. Bf4 Nd5 21. Ne5
Qd8 22. c6 Nxf4 23. Qxf4 f6 24. Nd7 b5 25. Rxe6 a5 26. d5 Bf8 27. Nxf8 Rxf8 28.
d6 Qc8 29. d7 Qd8 30. Rae1 1-0

[Event "Madrid 2022-2023 ch - Previa A"]
[Site "Madrid ESP"]
[Date "2023.02.21"]
[Round "8.34"]
[White "Lopez Manso, Jeronimo"]
[Black "Cobos Ramos, Antonio"]
[Result "1-0"]
[WhiteElo "1422"]
[BlackElo "1163"]
[PlyCount "99"]
[EventDate "2023.02.06"]
[EventType "swiss"]
[EventRounds "9"]
[EventCountry "ESP"]
[SourceTitle "Ajedrez en Madrid"]
[Source "lmi"]
[SourceDate "2023.02.06"]
[SourceVersion "1"]
[SourceVersionDate "2023.03.03"]
[SourceQuality "1"]

1. f4 f5 2. Nf3 Nf6 3. e3 e6 4. c4 c5 5. Nc3 Nc6 6. d4 d5 7. b3 b6 8. a3 a6 9.
Bb2 Bb7 10. Rc1 Rc8 11. Na2 Be7 12. Ng5 Ng4 13. Nxe6 Bh4+ 14. g3 Qe7 15. cxd5
Nxe3 16. Qf3 Nxd4 17. Bxd4 Bxd5 18. Nxg7+ Kd7 19. Qxe3 Qxe3+ 20. Bxe3 Bxh1 21.
Nxf5 Bf6 22. Bxa6 Ra8 23. Bb5+ Ke6 24. Nh6 Rxa3 25. Bc4+ Bd5 26. f5+ Kd6 27.
Rd1 Bd4 28. Bxd4 Re8+ 29. Kf1 Bxc4+ 30. bxc4 Rxa2 31. Bb2+ Kc7 32. Rd2 Kc8 33.
Kf2 Ra4 34. Nf7 Rf8 35. Nd6+ Kc7 36. Be5 Kc6 37. g4 Rd8 38. f6 Ra3 39. Ke2 Rh3
40. f7 Rh6 41. Ke3 Re6 42. Kf4 Re7 43. Kf5 Rxf7+ 44. Ke6 Rdd7 45. Nxf7 Rxd2 46.
h4 Rc2 47. g5 Rxc4 48. h5 Rg4 49. Bf6 c4 50. Ne5+ 1-0

[Event "Madrid 2022-2023 ch - Previa A"]
[Site "Madrid ESP"]
[Date "2023.02.22"]
[Round "9.1"]
[White "Vazquez Gonzalez, Jesus"]
[Black "Garcia Fernandez, Jesus"]
[Result "1-0"]
[WhiteElo "1876"]
[BlackElo "1910"]
[PlyCount "89"]
[EventDate "2023.02.06"]
[EventType "swiss"]
[EventRounds "9"]
[EventCountry "ESP"]
[SourceTitle "Ajedrez en Madrid"]
[Source "lmi"]
[SourceDate "2023.02.06"]
[SourceVersion "1"]
[SourceVersionDate "2023.03.03"]
[SourceQuality "1"]

1. e4 c6 2. d4 d5 3. exd5 cxd5 4. Bd3 Nc6 5. c3 Nf6 6. Bf4 Bg4 7. Qb3 Qc8 8.
Nd2 e6 9. Ngf3 Be7 10. O-O Bh5 11. Rfe1 Bg6 12. Bf1 O-O 13. h3 h6 14. g4 Ne4
15. Bg2 Nxd2 16. Nxd2 Qd7 17. Re3 Bd6 18. Bxd6 Qxd6 19. Rae1 b5 20. Qd1 b4 21.
Qe2 Rfe8 22. Nf3 bxc3 23. bxc3 Be4 24. Nh4 Bxg2 25. Nxg2 Na5 26. g5 hxg5 27.
Qg4 Nc4 28. R3e2 Qe7 29. f4 Nd6 30. fxg5 g6 31. h4 Ne4 32. c4 Qb4 33. Ne3 Nc3
34. Rh2 Kg7 35. Qf4 Ne4 36. Rf1 Re7 37. Qe5+ Kg8 38. h5 Qb8 39. Nxd5 exd5 40.
Qxe7 Qg3+ 41. Kh1 Nxg5 42. hxg6 fxg6 43. Rf6 Nh3 44. Qe6+ Kg7 45. Rf7+ 1-0